Obras casi completas / (Registro nro. 14770)

Detalles MARC
000 -LEADER
fixed length control field 01463nam a2200373 a 4500
001 - CONTROL NUMBER
control field 000015519
003 - CONTROL NUMBER IDENTIFIER
control field DO-SdBNP
005 - DATE AND TIME OF LATEST TRANSACTION
control field 20240807122138.0
007 - PHYSICAL DESCRIPTION FIXED FIELD--GENERAL INFORMATION
fixed length control field ta
008 - FIXED-LENGTH DATA ELEMENTS--GENERAL INFORMATION
fixed length control field 100211s2017 dr 000 spa
020 ## - INTERNATIONAL STANDARD BOOK NUMBER
International Standard Book Number 9789945586732 (v.3)
020 ## - INTERNATIONAL STANDARD BOOK NUMBER
International Standard Book Number 9789945586572 (o.c.)
040 ## - CATALOGING SOURCE
Original cataloging agency DO-SdBNP
Language of cataloging spa
Transcribing agency BPMSU
082 #4 - DEWEY DECIMAL CLASSIFICATION NUMBER
Classification number RD868.3
Item number G216o 2017
Edition number 22
100 1# - MAIN ENTRY--PERSONAL NAME
Personal name García Godoy, Federico,
Dates associated with a name 1857-1924
100 z# - MAIN ENTRY--PERSONAL NAME
Personal name Godoy, Federico García,
Dates associated with a name 1857-1924
245 10 - TITLE STATEMENT
Title Obras casi completas /
Statement of responsibility, etc. Federico García Godoy ; editor Andrés Blanco Díaz
260 ## - PUBLICATION, DISTRIBUTION, ETC. (IMPRINT)
Place of publication, distribution, etc. Santo Domingo :
Name of publisher, distributor, etc. Archivo General de la Nacion,
Date of publication, distribution, etc. 2017-
300 ## - PHYSICAL DESCRIPTION
Extent 6 v. ;
Dimensions 24 cm.
500 ## - GENERAL NOTE
General note Incluye datos biográficos del autor en las solapas
505 ## - FORMATTED CONTENTS NOTE
Formatted contents note Tomo 1. Recuerdos, opiniones e impresiones -- Tomo 2. Cartas -- Tomo 3.<br/> Notas críticas -- Tomo 4. En la hora trágica y Días sin sol -- v. 5 : Antología 1 -- v. 6 : Antología 2,
590 ## - LOCAL NOTE (RLIN)
Local note Inventariado, 2024/VM
600 14 - SUBJECT ADDED ENTRY--PERSONAL NAME
Personal name García Godoy, Federico,
Dates associated with a name 1857-1924
600 z# - SUBJECT ADDED ENTRY--PERSONAL NAME
Personal name Godoy, Federico García,
Dates associated with a name 1857-1924
650 #4 - SUBJECT ADDED ENTRY--TOPICAL TERM
Topical term or geographic name as entry element Literatura dominicana.
General subdivision Historia y crítica
650 #4 - SUBJECT ADDED ENTRY--TOPICAL TERM
Topical term or geographic name as entry element Novelas Latinoamericanas
Form subdivision Colecciones
650 #4 - SUBJECT ADDED ENTRY--TOPICAL TERM
Topical term or geographic name as entry element Escritores Latinoamericanos
650 z# - SUBJECT ADDED ENTRY--TOPICAL TERM
Topical term or geographic name as entry element Dominican literature
700 1# - ADDED ENTRY--PERSONAL NAME
Personal name Blanco Díaz, Andrés
Relator term ed.
700 z# - ADDED ENTRY--PERSONAL NAME
Personal name Blanco D., Andrés
Fuller form of name (Blanco Díaz)
700 z# - ADDED ENTRY--PERSONAL NAME
Personal name Díaz, Andrés Blanco
910 ## - USER-OPTION DATA (OCLC)
User-option data VMateo V. Control de calidad BPMSU
942 ## - ADDED ENTRY ELEMENTS (KOHA)
Source of classification or shelving scheme Dewey Decimal Classification
Koha item type Libros
Existencias
Withdrawn status Lost status Source of classification or shelving scheme Damaged status Not for loan Collection code Home library Current library Date acquired Source of acquisition Total Checkouts Full call number Barcode Date last seen Copy number Price effective from Koha item type
    Dewey Decimal Classification     Colección Dominicana Biblioteca Pública Metropolitana Salomé Ureña Biblioteca Pública Metropolitana Salomé Ureña 08/07/2024 Archivo General de la Nación   BPMSU CD RD868.3 G216o 2017 BPMSU24080015 08/07/2024 v.3 08/07/2024 Libros
    Dewey Decimal Classification     Colección Dominicana Biblioteca Pública Metropolitana Salomé Ureña Biblioteca Pública Metropolitana Salomé Ureña 08/07/2024 Archivo General de la Nación   BPMSU CD RD868.3 G216o 2018 BPMSU24100040 10/24/2024 v.6 08/07/2024 Libros